00197nam a2200073Ia 4500008004100000082001600041100001300057245005300070240331s9999 xx 000 0 und d a001.42bEIC aEicher,M 0aNonsexist research methods :b a practical guide